| Поле | Название | Значение |
| |
Тип записи |
c |
| |
Библиографический уровень |
m |
| 001 |
Контрольный номер |
RU/IS/BASE/513523644 |
| 005 |
Дата корректировки |
20250325104044.4 |
| 010 |
Индекс ISBN |
__ |
| 9 |
Тираж |
23000 экз. |
| 013 |
Номер (ISMN) |
__ |
| d |
Цена |
1 р. 32 к. |
| 100 |
Данные общей обработки |
__ |
| a |
Данные общей обработки |
20160409d1965 u y0rusy0189 ca |
| 101 |
Язык документа |
0_ |
| a |
Язык текста |
rus |
| f |
Язык титульного листа |
rus |
| 102 |
Страна публикации |
__ |
| a |
Страна публикации |
RU |
| 105 |
Кодированные данные (монография) |
__ |
| a |
Кодированные данные (монография) |
y###||||000|y |
| 125 |
Кодированные данные звукозаписи и нотных изданий |
__ |
| a |
Форма изложения нотного текста |
с| |
| 128 |
Кодированные данные (звукозаписи-физические характеристики) |
__ |
| a |
Кодированные данные: Музыкальная форма и тональность или лад |
zz |
| b |
Инструменты или голоса, необходимые для ансамблей (устаревшее) |
kt|| |
| c |
Инструменты или голоса, рекомендуемые для солистов (устаревшее) |
kt|| |
| 200 |
Заглавие и сведения об ответственности |
1_ |
| a |
Заглавие |
Вып. 17 |
| e |
Сведения, относящиеся к заглавию |
сб. произведений для баяна [ансамблей баянов] |
| f |
Первые сведения об ответственности |
[предисл. изд.] |
| 210 |
Выходные данные |
1_ |
| d |
Дата издания |
1965 |
| 215 |
Физическое описание |
__ |
| a |
Объем |
174 с. |
| 327 |
Примечание о содержании |
11 |
| a |
Примечание о содержании |
Содерж. : Пахмутова А. Динамо-марш. - Глиэр Р. Вальс. - Вилла-Лобос Э. Давайте танцевать. - Милютин Ю. Румба : из оперетты "Поцелуй Чаниты". - Александров Б. и Матвеев М. Веселый танец : из оперетты "Рядом с тобой". - Кузнецов Е. Шутница : полька. - Львов-Компанеец Д. У моря : вальс ; Маленький друг : фокстрот. - Корнев В. Мельница : полька ; Солист ; Лирический танец. - Слонов Ю. Я жду тебя : танго ; Интермеццо. - Терентьев Б. Русский танец : медленный. - Мажуков А. На прогулке : фокстрот ; Эврика. - Кузнецов Е. Молодежный вальс. - Парцхаладзе М. Весной. - Тихонов Б. Елочка : бальный танец. - Савинцев П. На волне ; Грустный вальс. - Стрельников Н. Танец из оперетты "Холопка". - Меркулов В. Волчок : полька. - Цфасман А. Вечер на реке : медленный вальс ; Никогда не унывай : фокстрот ; Мне радостно с тобой : фокстрот. - Кудрявцев В. Осенние цветы. - Эшпай А. Песня Марфиньки : из музыки к пьесе "Опасный возраст" ; Нет, скажешь ты : фокстрот. - Компанеец З. Незабываемый вечер : вальс. - Полонский А. Медленный танец ; Кузнечики : интермеццо. - Глубоков Н. Спутник : концерт. полька. - Бинкин З. Бальный вальс. - Выставкин Е. Русская кадриль. - Петров Б. На Даугаве : вальс. - Гамалия В. Веселый баянист : интермеццо ; Вечер. - Мещерини В. Мечты. - Чернышев В. Липси : из кф. "Аптекарша". - Аедоницкий П. Верю, верю : медлен. фокстрот. |
| 461 |
Уровень набора |
_0 |
| 1 |
|
001RU/IS/BASE/513343390 |
| 1 |
|
200 |
| a |
|
Играй, мой баян |
| b |
|
[Ноты] |
| v |
|
Вып. 17 |
| 1 |
|
210 |
| a |
|
М. |
| c |
|
Воениздат |
| d |
|
[1956] - |
| 464 |
Аналитический уровень |
_0 |
| 1 |
|
2001 |
| a |
|
Динамо-марш |
| 1 |
|
700 1 |
| a |
|
Пахмутова |
| b |
|
А. |
| 464 |
Аналитический уровень |
_0 |
| 1 |
|
2001 |
| a |
|
Вальс |
| 1 |
|
700 1 |
| a |
|
Глиэр |
| b |
|
Р. |
| 464 |
Аналитический уровень |
_0 |
| 1 |
|
2001 |
| a |
|
Давайте танцевать |
| 1 |
|
700 1 |
| a |
|
Вилла-Лобос |
| b |
|
Э. |
| 464 |
Аналитический уровень |
_0 |
| 1 |
|
2001 |
| a |
|
Румба |
| e |
|
из оперетты "Поцелуй Чаниты" |
| 1 |
|
700 1 |
| a |
|
Милютин |
| b |
|
Ю. |
| 1 |
|
50010 |
| a |
|
Поцелуй Чаниты |
| 464 |
Аналитический уровень |
_0 |
| 1 |
|
2001 |
| a |
|
Веселый танец |
| e |
|
из оперетты "Рядом с тобой" |
| 1 |
|
700 1 |
| a |
|
Александров |
| b |
|
Б. |
| 1 |
|
700 1 |
| a |
|
Матвеев |
| b |
|
М. |
| 1 |
|
50010 |
| a |
|
Рядом с тобой |
| 464 |
Аналитический уровень |
_0 |
| 1 |
|
2001 |
| a |
|
Шутница |
| e |
|
полька |
| 1 |
|
700 1 |
| a |
|
Кузнецов |
| b |
|
Е. |
| 464 |
Аналитический уровень |
_0 |
| 1 |
|
2001 |
| a |
|
У моря |
| e |
|
вальс |
| 1 |
|
700 1 |
| a |
|
Львов-Компанеец |
| b |
|
Д. |
| 464 |
Аналитический уровень |
_0 |
| 1 |
|
2001 |
| a |
|
Маленький друг |
| e |
|
фокстрот |
| 1 |
|
700 1 |
| a |
|
Львов-Компанеец |
| b |
|
Д. |
| 464 |
Аналитический уровень |
_0 |
| 1 |
|
2001 |
| a |
|
Мельница |
| e |
|
полька |
| 1 |
|
700 1 |
| a |
|
Корнев |
| b |
|
В. |
| 464 |
Аналитический уровень |
_0 |
| 1 |
|
2001 |
| a |
|
Солист |
| 1 |
|
700 1 |
| a |
|
Корнев |
| b |
|
В. |
| 464 |
Аналитический уровень |
_0 |
| 1 |
|
2001 |
| a |
|
Лирический танец |
| 1 |
|
700 1 |
| a |
|
Корнев |
| b |
|
В. |
| 464 |
Аналитический уровень |
_0 |
| 1 |
|
2001 |
| a |
|
Я жду тебя |
| e |
|
танго ; Интермеццо |
| 1 |
|
700 1 |
| a |
|
Слонов |
| b |
|
Ю. |
| 464 |
Аналитический уровень |
_0 |
| 1 |
|
2001 |
| a |
|
Интермеццо |
| 1 |
|
700 1 |
| a |
|
Слонов |
| b |
|
Ю. |
| 464 |
Аналитический уровень |
_0 |
| 1 |
|
2001 |
| a |
|
Русский танец |
| e |
|
медленный |
| 1 |
|
700 1 |
| a |
|
Терентьев |
| b |
|
Б. |
| 464 |
Аналитический уровень |
_0 |
| 1 |
|
2001 |
| a |
|
На прогулке |
| e |
|
фокстрот |
| 1 |
|
700 1 |
| a |
|
Мажуков |
| b |
|
А. |
| 464 |
Аналитический уровень |
_0 |
| 1 |
|
2001 |
| a |
|
Эврика |
| 1 |
|
700 1 |
| a |
|
Мажуков |
| b |
|
А. |
| 464 |
Аналитический уровень |
_0 |
| 1 |
|
2001 |
| a |
|
Молодежный вальс |
| 1 |
|
700 1 |
| a |
|
Кузнецов |
| b |
|
Е. |
| 464 |
Аналитический уровень |
_0 |
| 1 |
|
2001 |
| a |
|
Весной |
| 1 |
|
700 1 |
| a |
|
Парцхаладзе |
| b |
|
М. |
| 464 |
Аналитический уровень |
_0 |
| 1 |
|
2001 |
| a |
|
Елочка |
| e |
|
бальный танец |
| 1 |
|
700 1 |
| a |
|
Тихонов |
| b |
|
Б. |
| 464 |
Аналитический уровень |
_0 |
| 1 |
|
2001 |
| a |
|
На волне |
| 1 |
|
700 1 |
| a |
|
Савинцев |
| b |
|
П. |
| 464 |
Аналитический уровень |
_0 |
| 1 |
|
2001 |
| a |
|
Грустный вальс |
| 1 |
|
700 1 |
| a |
|
Савинцев |
| b |
|
П. |
| 464 |
Аналитический уровень |
_0 |
| 1 |
|
2001 |
| a |
|
Танец из оперетты "Холопка" |
| 1 |
|
700 1 |
| a |
|
Стрельников |
| b |
|
Н. |
| 1 |
|
50010 |
| a |
|
Холопка |
| 464 |
Аналитический уровень |
_0 |
| 1 |
|
2001 |
| a |
|
Волчок |
| e |
|
полька |
| 1 |
|
700 1 |
| a |
|
Меркулов |
| b |
|
В. |
| 464 |
Аналитический уровень |
_0 |
| 1 |
|
2001 |
| a |
|
Вечер на реке |
| e |
|
медленный вальс |
| 1 |
|
700 1 |
| a |
|
Цфасман |
| b |
|
А. |
| 464 |
Аналитический уровень |
_0 |
| 1 |
|
2001 |
| a |
|
Никогда не унывай |
| e |
|
фокстрот |
| 1 |
|
700 1 |
| a |
|
Цфасман |
| b |
|
А. |
| 464 |
Аналитический уровень |
_0 |
| 1 |
|
2001 |
| a |
|
Мне радостно с тобой |
| e |
|
фокстрот |
| 1 |
|
700 1 |
| a |
|
Цфасман |
| b |
|
А. |
| 464 |
Аналитический уровень |
_0 |
| 1 |
|
2001 |
| a |
|
Осенние цветы |
| 1 |
|
700 1 |
| a |
|
Кудрявцев |
| b |
|
В. |
| 464 |
Аналитический уровень |
_0 |
| 1 |
|
2001 |
| a |
|
Песня Марфиньки |
| e |
|
из музыки к пьесе "Опасный возраст" |
| 1 |
|
700 1 |
| a |
|
Эшпай |
| b |
|
А. |
| 1 |
|
50010 |
| a |
|
Опасный возраст |
| 464 |
Аналитический уровень |
_0 |
| 1 |
|
2001 |
| a |
|
Нет, скажешь ты |
| e |
|
фокстрот |
| 1 |
|
700 1 |
| a |
|
Эшпай |
| b |
|
А. |
| 464 |
Аналитический уровень |
_0 |
| 1 |
|
2001 |
| a |
|
Незабываемый вечер |
| e |
|
вальс |
| 1 |
|
700 1 |
| a |
|
Компанеец |
| b |
|
З. |
| 464 |
Аналитический уровень |
_0 |
| 1 |
|
2001 |
| a |
|
Медленный танец |
| 1 |
|
700 1 |
| a |
|
Полонский |
| b |
|
А. |
| 464 |
Аналитический уровень |
_0 |
| 1 |
|
2001 |
| a |
|
Кузнечики |
| e |
|
интермеццо |
| 1 |
|
700 1 |
| a |
|
Полонский |
| b |
|
А. |
| 464 |
Аналитический уровень |
_0 |
| 1 |
|
2001 |
| a |
|
Спутник |
| e |
|
концерт. полька |
| 1 |
|
700 1 |
| a |
|
Глубоков |
| b |
|
Н. |
| 464 |
Аналитический уровень |
_0 |
| 1 |
|
2001 |
| a |
|
Бальный вальс |
| 1 |
|
700 1 |
| a |
|
Бинкин |
| b |
|
З. |
| 464 |
Аналитический уровень |
_0 |
| 1 |
|
2001 |
| a |
|
Русская кадриль |
| 1 |
|
7001 |
| a |
|
Выставкин |
| b |
|
Е. |
| 464 |
Аналитический уровень |
_0 |
| 1 |
|
2001 |
| a |
|
Русская кадриль |
| 1 |
|
7001 |
| a |
|
Выставкин |
| b |
|
Е. |
| 464 |
Аналитический уровень |
_0 |
| 1 |
|
2001 |
| a |
|
Веселый баянист |
| e |
|
интермеццо |
| 1 |
|
7001 |
| a |
|
Гамалия |
| b |
|
В. |
| 464 |
Аналитический уровень |
_0 |
| 1 |
|
2001 |
| a |
|
Вечер |
| 1 |
|
7001 |
| a |
|
Гамалия |
| b |
|
В. |
| 464 |
Аналитический уровень |
_0 |
| 1 |
|
2001 |
| a |
|
Мечты |
| 1 |
|
700 1 |
| a |
|
Мещерини |
| b |
|
В. |
| 464 |
Аналитический уровень |
_0 |
| 1 |
|
2001 |
| a |
|
Липси |
| e |
|
из кф. "Аптекарша" |
| 1 |
|
700 1 |
| a |
|
Чернышев |
| b |
|
В. |
| 464 |
Аналитический уровень |
_0 |
| 1 |
|
2001 |
| a |
|
Верю, верю |
| e |
|
медлен. фокстрот |
| 1 |
|
700 1 |
| a |
|
Аедоницкий |
| b |
|
П. |
| 512 |
Заглавие обложки |
1_ |
| a |
Заглавие обложки |
Играй, мой баян |
| 606 |
Тематические рубрики |
0_ |
| a |
Основная рубрика |
Баян |
| x |
Основная подрубрика |
Ансамбли баянов |
| x |
Основная подрубрика |
Эстрадно-танцевальная музыка |
| 610 |
Ключевые слова |
0_ |
| a |
Ключевые слова |
ансамбли баянов |
| 610 |
Ключевые слова |
0_ |
| a |
Ключевые слова |
баян |
| 610 |
Ключевые слова |
0_ |
| a |
Ключевые слова |
эстрадно-танцевальная музыка |
| 686 |
Индексы других классификаций |
__ |
| a |
Классификационный индекс |
85.952.456я43 |
| a |
Классификационный индекс |
85.954.6я43 |
| 2 |
Код системы |
rubbk |
| 801 |
Источник записи |
_0 |
| a |
Страна |
RU |
| b |
Организация |
Ульяновская ОНБ |
| c |
Дата составления |
20160409 |
| g |
Правила каталогизации |
RCR |
| 801 |
Источник записи |
_1 |
| a |
Страна |
RU |
| b |
Организация |
Ульяновская ОНБ |
| c |
Дата составления |
20160409 |
| g |
Правила каталогизации |
RCR |
| 901 |
Тип документа |
__ |
| t |
Тип документа |
n |
| w |
Контрольный № источника |
RU/IS/BASE/513343390 |
| 909 |
Создатель записи |
__ |
| a |
Создатель записи |
Никитина Т. А. |
| 910 |
Корректоры записи |
__ |
| a |
Корректор записи |
Васина |
| 938 |
Служебная информация |
__ |
| a |
Имя БД |
noti |
| b |
Имя библиотеки |
УОНБ |
| c |
Имя АИБС |
МАРК-SQL |
| d |
Номер DOC_ID в БД |
14509 |